Online
Catalog

Manual de introducción a la filosofía / (Record no. 38527)

MARC details
000 -CABECERA
campo de control de longitud fija 01294nam a2200205 a 4500
001 - NÚMERO DE CONTROL
campo de control 000039037
005 - FECHA Y HORA DE LA ÚLTIMA TRANSACCIÓN
campo de control 20240510073817.0
008 - DATOS DE LONGITUD FIJA--INFORMACIÓN GENERAL
campo de control de longitud fija 130515s19uu dr 000 0 spa d
040 ## - FUENTE DE LA CATALOGACIÓN
Centro catalogador/agencia de origen DO-SdBNP
Lengua de catalogación spa
Centro/agencia transcriptor BNPHU
082 ## - NÚMERO DE LA CLASIFICACIÓN DECIMAL DEWEY
Número de clasificación 101
Número de documento/Ítem A347ma
100 1# - ENTRADA PRINCIPAL--NOMBRE DE PERSONA
Nombre de persona Alcantara, Juan Féliz
9 (RLIN) 1207
245 10 - MENCIÓN DE TÍTULO
Título Manual de introducción a la filosofía /
Mención de responsabilidad, etc. Juan Féliz Alcántara.
260 ## - PUBLICACIÓN, DISTRIBUCIÓN, ETC.
Lugar de publicación, distribución, etc. [Santo Domingo], :
Nombre del editor, distribuidor, etc. [Universidad Católica Madre y Maestra],
Fecha de publicación, distribución, etc. [19-?].
300 ## - DESCRIPCIÓN FÍSICA
Extensión 164 p. ;
Dimensiones 22 cm.
504 ## - NOTA DE BIBLIOGRAFÍA, ETC.
Nota de bibliografía, etc. Bibliografía : p. 163-164
505 2# - NOTA DE CONTENIDO CON FORMATO
Título Introducción --
-- ¿Qué es la filosofía? --
-- El método de la filosofía --
-- El objeto material y el objeto formal de la filosofía --
-- Valor de la filosofía --
-- División de la filosofía --
-- Origen del conocimiento --
-- La ciencia y la filosofía
-- Filosofía y religión --
-- Los grandes temas de la filosofía --
-- Vida y pensamiento de grandes filósofos
-- Heráclito --
-- Demócrito --
-- Sócrates --
-- Platón --
-- Aristóteles --
-- Descartes --
-- Karl Marx --
-- El problema fundamental de la filosofía
-- Los grandes sistemas y movimientos filosóficos --
-- Idealismo --
-- Materialismo --
-- Positivismo --
-- Existencialismo
-- ¿Qué es la lógica? --
590 ## - NOTA LOCAL (RLIN)
Nota local Inventariado, 2019/VM
650 #0 - PUNTO DE ACCESO ADICIONAL DE MATERIA--TÉRMINO DE MATERIA
Término de materia o nombre geográfico como elemento de entrada Filosofía
9 (RLIN) 813
910 ## - DATOS DE OPCIÓN DEL USUARIO (OCLC)
Datos de opción del usuario Validado. Control de calidad MFF
Holdings
Estado de retiro Estado de pérdida No para préstamo Código de colección Localización permanente Ubicación/localización actual Ubicación en estantería Fecha de adquisición Número de inventario Total de préstamos Signatura topográfica completa Código de barras Fecha visto por última vez Precio válido a partir de Tipo de ítem Koha Número de copia
    Excluido de préstamo Patrimonio Dominicano Patrimonio Dominicano Patrimonio Dominicano Depósito 15.05.2013 LF1   101 A347ma 39037-10 25.06.2020 25.06.2020 Libro y Folleto Colección Patrimonio Dominicano  
    Excluido de préstamo Patrimonio Dominicano Patrimonio Dominicano Patrimonio Dominicano Depósito 12.02.2019 LF1   101 A347ma 39037-20 25.06.2020 25.06.2020 Libro y Folleto Colección Patrimonio Dominicano e. 2

Powered by Koha